1675 1464 1313 1277 1929 1001 1971 1197 1856 1254 1093 1260 1761 1694 1049 1245 1385 1382 1293 1046 1769 1170 1583 1827 1833 1545 1416 1361 1269 1994 1127 1042 1948 1209 1083 1462 1304 1591 1000 1325 1497 1760 1676 1089 1177 1263 1322 1816 1731 1509 1281 1666 1604 1473 1673 1438 1669 1083 1319 1289 1256 1801 1858 1847 1641 1402 1327 1509 1324 1536 1780 1167 1173 1794 1423 1989 1635 1256 1405 1081 1459 1969 1552 1717 1459 1875 1227 1688 1292 1893 1564 1395 1671 1693 1756 1121 1258 1000 1568 BCNSPRNW ULIB Ver.6.0+V

เปลี่ยนเป็นภาษาไทย

Change to English
 แสดงรายละเอียดบรรณานุกรม
  กลับหน้าหลัก

Brief Record : Get Marc (ISO 2709) : E-mail record : QR code < ปิดหน้าต่าง
LEADER : 00000nam 2200000uu 4500
001    13399128290
003     ULIB
008    230529s2565||||th 000 0 tha d
020    ^a9786164685246
060 04 ^aQU145^bจ483ก
100 0  ^aจินตนา สุวิทวัส
245 10 ^aการประเมินภาวะโภชนาการ /^cโดย จินตนา สุวิทวัส
250    ^aพิมพ์ครั้งที่ 5
260    ^aขอนแก่น ;^bคณะพยาบาลศาสตร์ มหาวิทยาลัยขอนแก่น,^c2565
300    ^aฎ, 137 แผ่น :^bภาพประกอบ ;^c26 ซม.
504    ^aมีบรรณานุกรมและดัชนี
650  2 ^aNutritional Status
650  4 ^aภาวะโภชนาการ
710 2  ^aมหาวิทยาลัยขอนแก่น.^bคณะพยาบาลศาสตร์
945    ^p250^l0^i009425
945    ^p250^l0^i009426
945    ^p250^l0^i009427
999    ^aประนอม เกษจรัล
รายการนี้ยังไม่มีแท็ก
คุณยังไม่ได้ล็อกอิน คุณสามารถมีกิจกรรมร่วมกับเว็บไซต์ได้ แต่ต้องล็อกอินก่อน ::
  ล็อกอิน

รายการสื่อสารสนเทศ

ลำดับที่ ประเภท เลขเรียก/บาร์โค้ด สถานที่ สถานะ
1. วิทยาศาสตร์การแพทย์ และสุขภาพ
หนังสือสำรอง
สถานะ=หนังสือสำรอง
QU145 จ483ก ฉ.1 
  Barcode: 009425
ห้องสมุดวิทยาเขตสวรรค์ประชารักษ์
►หนังสือทั่วไป
บนชั้น
2. วิทยาศาสตร์การแพทย์ และสุขภาพ
วิทยาศาสตร์การแพทย์ และสุขภาพ
QU145 จ483ก ฉ.2 
  Barcode: 009426
ห้องสมุดวิทยาเขตสวรรค์ประชารักษ์
►หนังสือทั่วไป
บนชั้น
3. วิทยาศาสตร์การแพทย์ และสุขภาพ
วิทยาศาสตร์การแพทย์ และสุขภาพ
QU145 จ483ก ฉ.3 
  Barcode: 009427
ห้องสมุดวิทยาเขตสวรรค์ประชารักษ์
►หนังสือทั่วไป
บนชั้น

รายการใกล้เคียง
    ผู้แต่ง [จินตนา สุวิทวัส]

    หัวเรื่อง [Nutritional Status]
    หัวเรื่อง [ภาวะโภชนาการ]

BibComment


ยังไม่เคยถูกคอมเมนท์

คอมเมนท์ทรัพยากรรายการนี้
  คอมเมนท์: การประเมินภาวะโภ..


 Copyright 2026. Bcnsprnw @Library